000 00422pab a2200157 454500
008 180718b2008 xxu||||| |||| 00| 0 eng d
100 _aJacoby, William G.
245 _aComment, the dimensionability of public attitudes toward government spending
260 _c2008
300 _ap.158-61.
362 _aMar
650 _aPublic expenditure
773 _aPolitical Research Quarterly
908 _aN
909 _a77918
999 _c77918
_d77918